|
|
|
|
| LEADER |
01685nam a22003854a 4500 |
| 001 |
30052 |
| 003 |
BD-DhAAL |
| 005 |
20151025115526.0 |
| 008 |
151025r20102007ii a b 001 0 eng |
| 010 |
|
|
|a 2005054118
|
| 020 |
|
|
|a 0072979674 (alk. paper)
|
| 020 |
|
|
|a 0072979690 (CDROM)
|
| 020 |
|
|
|a 9780072979671
|
| 020 |
|
|
|a 9780072979695
|
| 020 |
|
|
|a 9780070706651
|
| 020 |
|
|
|a 0070706654
|
| 035 |
|
|
|a (OCoLC)ocm61652841
|
| 040 |
|
|
|a DLC
|c DLC
|d C#P
|d DLC
|d BD-DhAAL
|
| 042 |
|
|
|a pcc
|
| 050 |
0 |
0 |
|a HD30.27
|b .W56 2007
|
| 082 |
0 |
0 |
|a 658.403550285554
|2 22
|
| 100 |
1 |
|
|a Wilson, J. Holton,
|d 1942-
|9 15695
|
| 245 |
1 |
0 |
|a Business forecasting with accompanying Excel-based ForecastX software /
|c J. Holton Wilson, Barry Keating.
|
| 250 |
|
|
|a 5th ed.
|
| 260 |
|
|
|a Boston ;
|a New Delhi :
|b McGraw-Hill/Irwin ;
|b Tata McGraw Hill Education,
|c c2007 [2010]
|
| 300 |
|
|
|a xiii, 461 p. :
|b ill. ;
|c 24 cm. +
|e 1 CD-ROM (4 3/4 in.)
|
| 504 |
|
|
|a Includes bibliographical references and index.
|
| 538 |
|
|
|a System requirements: PC: Pentium based processor; Microsoft Windows 2000/XP; Microsoft Internet Explorer 5.5 as default browser; Microsoft Office or equivalent.
|
| 541 |
|
|
|e 30052
|
| 650 |
|
0 |
|a Economic forecasting.
|9 9172
|
| 700 |
1 |
|
|a Keating, Barry,
|d 1945-
|9 15696
|
| 942 |
|
|
|2 ddc
|c BK
|
| 999 |
|
|
|c 35898
|d 35898
|
| 952 |
|
|
|0 0
|1 0
|2 ddc
|4 0
|6 658_403550280000000_WIL
|7 0
|9 56420
|a CED
|b CED
|c GEN
|d 2015-10-25
|e STS International
|g 1230.00
|l 0
|o 658.40355028 WIL
|p 3010030052
|r 2015-10-25
|t 1
|w 2015-10-25
|y BK
|
| 952 |
|
|
|0 0
|1 0
|2 ddc
|4 0
|6 658_403550280000000_WIL
|7 0
|9 56421
|a BRACUL
|b BRACUL
|c GEN
|d 2015-10-25
|e STS International
|g 1230.00
|l 0
|o 658.40355028 WIL
|p 4010030052
|r 2015-10-25
|t 1
|w 2015-10-25
|y AV
|